000 00412nmm a2200157Ia 4500
008 251105s9999||||xx |||||||||||||||||und||
041 _aspa
100 _aSacerdoti, Daniela
245 0 _aCuida de mí
264 _a[Madrid, España] :
_bLibros de Seda,
_c2015
300 _a0 páginas
490 _aGlen Avich
650 _aRomance
856 _uhttps://public.digitaliapublishing.com/a/88019
942 _cCF
999 _c99373
_d99373